| 000 | 00000nam 2200000za 4500 |
| 001 | 9.604325 |
| 003 | CaOODSP |
| 005 | 20250828100124 |
| 007 | cr ||||||||||| |
| 008 | 150406|1995||||xxc|||||o f|0| 0 fre d |
| 022 | |a1205-9161 |
| 040 | |aCaOODSP|bfre |
| 043 | |an-cn--- |
| 086 | 1 |aCS11-0019/87F-PDF |
| 100 | 1 |aBaldwin, John R. |q(John Russel) |
| 245 | 00|aCroissance de la productivité, transfert de parts de marché et restructuration dans le secteur canadien de la fabrication / |h[ressource électronique]|cpar John R. Baldwin. |
| 260 | |aOttawa - Ontario : |bStatistique Canada |cNovembre 1995. |
| 300 | |a25p.|bgraphiques, tableaux |
| 490 | 1 |aDocuments de recherche - Direction des études analytiques|x1205-9161|vN° 87 |
| 500 | |aLe n° de catalogue (11F0019MPF) et l'ISBN (0-660-94640-8) de l'édition imprimée ont été incorrectement copiés dans l'édition électronique. |
| 504 | |aBibliographie. |
| 520 | 3 |aIl y a mouvement lorsque des entreprises gagnent et perdent des parts de marché dans le cadre de la lutte concurrentielle. La réaffectation des parts de marché d'un groupe à un autre est associée à un gain de productivité puisque les entreprises moins productivités perdent des parts et que celles dont la productivité est supérieure en gagnent. Le présent document examine la mesure dans laquelle la productivité s'est trouvée améliorée par le mouvement des entreprises depuis les 20 dernières années. Il s'intéresse particulièrement à la mesure dans laquelle ce processus a évolué durant les années 1980 et contribué, de fait, au ralentissement du secteur de la fabrication.--Résumé |
| 590 | |a12-34-Supp|b2012-07-31 |
| 691 | 07|aIndustrie de transformation|2gcpds |
| 710 | 2 |aStatistique Canada. |
| 775 | 08|tProductivity growth, plant turnover and restructuring in the Canadian manufacturing sector / |w(CaOODSP)9.574583 |
| 776 | 0#|tCroissance de la productivité, transfert de parts de marché et restructuration dans le secteur canadien de la fabrication / |w(CaOODSP)9.623598 |
| 830 | #0|aDocuments de recherche (Statistique Canada. Direction des études analytiques)|x1205-9161|vN° 87|w(CaOODSP)9.500842 |
| 856 | 40|ahttp://publications.gc.ca|qPDF|s1.02 MB|uhttps://publications.gc.ca/collections/Collection/CS11-0019-87F.pdf|yN° 87 |